000 00303nam a22001337a 4500
008 180216b xxu||||| |||| 00| 0 eng d
020 _a9780071496254
041 _aeng
080 _a615
100 _a5
101 _aSHF
245 _aClinican's Pocket Drug Reference
_cGomella, L.G
942 _2udc
_cBK
999 _c42722
_d42722